Torn Pages: Modern Library Board Quiz Stats

 Plays Quiz Updated Aug 11, 2018

Challenge
Share
Tweet
Embed
Score 0/198 Timer 15:00
0 Plays Today
Title Word Full Title % Correct
GatsbyThe Great Gatsby
93.5%
GreatThe Great Gatsby
93.5%
TheThe Great Gatsby
93.5%
AA Clockwork Orange
92.6%
OrangeA Clockwork Orange
92.5%
ClockworkA Clockwork Orange
92.5%
GrapesThe Grapes of Wrath
91.1%
OfThe Grapes of Wrath
91%
WrathThe Grapes of Wrath
91%
TheThe Grapes of Wrath
91%
AnimalAnimal Farm
88.9%
FarmAnimal Farm
88.9%
InThe Catcher in the Rye
88.2%
CatcherThe Catcher in the Rye
88.2%
RyeThe Catcher in the Rye
88.1%
TheThe Catcher in the Rye
88.1%
TheThe Catcher in the Rye
88.1%
ChoiceSophie's Choice
86.3%
Sophie'sSophie's Choice
86.2%
BridesheadBrideshead Revisited
85.4%
RevisitedBrideshead Revisited
85.3%
WakeFinnegans Wake
81%
FinnegansFinnegans Wake
80.9%
AA Passage to India
79.1%
IndiaA Passage to India
79.1%
ToA Passage to India
79.1%
PassageA Passage to India
79.1%
CancerTropic of Cancer
78%
OfTropic of Cancer
78%
TropicTropic of Cancer
78%
AndThe Sound and the Fury
77.9%
FuryThe Sound and the Fury
77.9%
TheThe Sound and the Fury
77.9%
SoundThe Sound and the Fury
77.9%
TheThe Sound and the Fury
77.9%
DarknessHeart of Darkness
75.8%
HeartHeart of Darkness
75.8%
OfHeart of Darkness
75.7%
ClaudiusI, Claudius
75.6%
II, Claudius
75.6%
RisesThe Sun Also Rises
75%
AlsoThe Sun Also Rises
75%
SunThe Sun Also Rises
75%
TheThe Sun Also Rises
75%
EternityFrom Here to Eternity
74.7%
HereFrom Here to Eternity
74.6%
ToFrom Here to Eternity
74.6%
FromFrom Here to Eternity
74.5%
BraveBrave New World
71.1%
WorldBrave New World
71%
NewBrave New World
71%
AlwaysThe Postman Always Rings Twice
69.5%
TwiceThe Postman Always Rings Twice
69.4%
RingsThe Postman Always Rings Twice
69.4%
TheThe Postman Always Rings Twice
69.4%
PostmanThe Postman Always Rings Twice
69.4%
BondageOf Human Bondage
69.4%
HumanOf Human Bondage
69.4%
OfOf Human Bondage
69.4%
ComplaintPortnoy's Complaint
67.6%
Portnoy'sPortnoy's Complaint
67.5%
DyingAs I Lay Dying
65.1%
AsAs I Lay Dying
65.1%
LayAs I Lay Dying
65%
IAs I Lay Dying
65%
LighthouseTo the Lighthouse
65%
Title Word Full Title % Correct
TheTo the Lighthouse
65%
ToTo the Lighthouse
65%
BrodieThe Prime of Miss Jean Brodie
63.5%
JeanThe Prime of Miss Jean Brodie
63.5%
MissThe Prime of Miss Jean Brodie
63.5%
OfThe Prime of Miss Jean Brodie
63.5%
PrimeThe Prime of Miss Jean Brodie
63.5%
TheThe Prime of Miss Jean Brodie
63.5%
SeaWide Sargasso Sea
62.8%
SargassoWide Sargasso Sea
62.8%
WideWide Sargasso Sea
62.8%
AndSons and Lovers
61.7%
LoversSons and Lovers
61.7%
SonsSons and Lovers
61.6%
ManInvisible Man
61.4%
InvisibleInvisible Man
61.4%
AThe Heart is a Lonely Hunter
60.7%
HunterThe Heart is a Lonely Hunter
60.7%
LonelyThe Heart is a Lonely Hunter
60.7%
IsThe Heart is a Lonely Hunter
60.7%
HeartThe Heart is a Lonely Hunter
60.7%
TheThe Heart is a Lonely Hunter
60.7%
AA Portrait of the Artist as a Young Man
59.5%
AA Portrait of the Artist as a Young Man
59.4%
ManA Portrait of the Artist as a Young Man
59.4%
AsA Portrait of the Artist as a Young Man
59.4%
ArtistA Portrait of the Artist as a Young Man
59.4%
TheA Portrait of the Artist as a Young Man
59.4%
OfA Portrait of the Artist as a Young Man
59.4%
PortraitA Portrait of the Artist as a Young Man
59.4%
YoungA Portrait of the Artist as a Young Man
59.4%
ChildrenMidnight's Children
59%
Midnight'sMidnight's Children
58.9%
RoadTobacco Road
57.5%
TobaccoTobacco Road
57.5%
SonNative Son
55.6%
Native Native Son
55.4%
AllAll the King's Men
55.1%
MenAll the King's Men
55%
King'sAll the King's Men
55%
TheAll the King's Men
55%
ItGo Tell It on the Mountain
54.7%
GoGo Tell It on the Mountain
54.7%
MountainGo Tell It on the Mountain
54.6%
TheGo Tell It on the Mountain
54.6%
OnGo Tell It on the Mountain
54.6%
TellGo Tell It on the Mountain
54.6%
AmbersonsThe Magnificent Ambersons
52.2%
MagnificentThe Magnificent Ambersons
52.2%
TheThe Magnificent Ambersons
52.2%
VolcanoUnder the Volcano
52.2%
TheUnder the Volcano
52.2%
UnderUnder the Volcano
52.2%
WildThe Call of the Wild
46.8%
TheThe Call of the Wild
46.8%
OfThe Call of the Wild
46.8%
CallThe Call of the Wild
46.8%
TheThe Call of the Wild
46.8%
ArchbishopDeath Comes for the Archbishop
46.4%
TheDeath Comes for the Archbishop
46.4%
ForDeath Comes for the Archbishop
46.4%
ComesDeath Comes for the Archbishop
46.4%
DeathDeath Comes for the Archbishop
46.4%
CarrieSister Carrie
45.1%
SisterSister Carrie
45.1%
TragedyAn American Tragedy
44.2%
Title Word Full Title % Correct
AmericanAn American Tragedy
44.2%
AnAn American Tragedy
44.2%
OhioWinesburg, Ohio
40.5%
WinesburgWinesburg, Ohio
40.5%
ReyThe Bridge of San Luis Rey
38%
LuisThe Bridge of San Luis Rey
38%
SanThe Bridge of San Luis Rey
38%
OfThe Bridge of San Luis Rey
38%
BridgeThe Bridge of San Luis Rey
38%
TheThe Bridge of San Luis Rey
38%
OnOn the Road
36.1%
RoadOn the Road
36.1%
TheOn the Road
36.1%
MarchThe Adventures of Augie March
35.6%
AugieThe Adventures of Augie March
35.6%
OfThe Adventures of Augie March
35.6%
AdventuresThe Adventures of Augie March
35.6%
TheThe Adventures of Augie March
35.6%
AugustLight in August
32.6%
InLight in August
32.6%
LightLight in August
32.6%
DoveThe Wings of the Dove
31.8%
TheThe Wings of the Dove
31.8%
TheThe Wings of the Dove
31.8%
OfThe Wings of the Dove
31.8%
WingsThe Wings of the Dove
31.8%
FleshThe Way of All Flesh
29.5%
AllThe Way of All Flesh
29.3%
OfThe Way of All Flesh
29.3%
WayThe Way of All Flesh
29.3%
TheThe Way of All Flesh
29.3%
SamarraAppointment in Samarra
29.1%
InAppointment in Samarra
29.1%
AppointmentAppointment in Samarra
29.1%
FirePale Fire
28.8%
PalePale Fire
28.6%
ChronicleThe Wapshot Chronicle
24.3%
WapshotThe Wapshot Chronicle
24.3%
TheThe Wapshot Chronicle
24.3%
ForA House for Mr. Biswas
23.9%
BiswasA House for Mr. Biswas
23.8%
AA House for Mr. Biswas
23.8%
Mr.A House for Mr. Biswas
23.8%
HouseA House for Mr. Biswas
23.8%
NoonDarkness at Noon
23.4%
AtDarkness at Noon
23.4%
DarknessDarkness at Noon
23.4%
CounterPoint Counter Point
21.4%
PointPoint Counter Point
21.4%
PointPoint Counter Point
21.4%
ZuleikaZuleika Dobson
21.2%
DobsonZuleika Dobson
21.2%
KingHenderson the Rain King
19.5%
RainHenderson the Rain King
19.5%
TheHenderson the Rain King
19.5%
HendersonHenderson the Rain King
19.5%
JamaicaA High Wind in Jamaica
17.4%
InA High Wind in Jamaica
17.4%
WindA High Wind in Jamaica
17.4%
HighA High Wind in Jamaica
17.4%
AA High Wind in Jamaica
17.4%
TheThe Death of the Heart
10.7%
TheThe Death of the Heart
10.7%
DeathThe Death of the Heart
10.7%
OfThe Death of the Heart
10.7%
HeartThe Death of the Heart
10.7%

You're not logged in!

Compare scores with friends on all Sporcle quizzes.
Join for Free
OR
Log In

You Might Also Like...

Show Comments

Extras

Top Quizzes Today


Score Distribution

Your Account Isn't Verified!

In order to create a playlist on Sporcle, you need to verify the email address you used during registration. Go to your Sporcle Settings to finish the process.

Report this User

Report this user for behavior that violates our Community Guidelines.

Details: